| 000 | 00000nam##2200000za#4500 |
| 001 | 9.607218 |
| 003 | CaOODSP |
| 005 | 20210624213022 |
| 007 | cr ||||||||||| |
| 008 | 150406|2004||||xxc|||||o f|0| 0 fre|d |
| 040 | |aCaOODSP|bfre |
| 043 | |an-cn--- |
| 086 | 1 |aR73-1/6-2004F-PDF |
| 110 | 1 |aCanada.|bAffaires indiennes et du Nord. |
| 245 | 10|aLes poissons |h[ressource électronique] |
| 260 | |aYellowknife - Territoires du Nord-Ouest : |bAffaires indiennes et du Nord |c[2004]. |
| 300 | |a2p.|bfigures en couleur, ill. en couleur |
| 490 | 1 |aFeuillets d'information sur les contaminants dans les Territoires du Nord-Ouest |
| 590 | |a15-05-Supp|b2015-03-31 |
| 691 | 07|aPoisson|2gcpds |
| 691 | 07|aPollution|2gcpds |
| 775 | 08|tFish |w(CaOODSP)9.580125 |
| 830 | #0|aFeuillets d'information sur les contaminants dans les Territoires du Nord-Ouest.|w(CaOODSP)9.504258 |
| 856 | 40|ahttp://publications.gc.ca|qPDF|s168 Ko|uhttps://publications.gc.ca/collections/collection_2014/aadnc-aandc/R73-1-6-2004-fra.pdf |
| 986 | |aQS-Y223-006-FF-A1 |